000 01014nam a2200253 a 4500
001 76076
003 BD-RjUL
005 20211209082802.0
008 191020r19871986bg |||| |||| 00| 0 ben d
020 _c: Tk. 70.00
035 _a(BD-RjUL)40087
040 _aBD-RjUL
_bben
_cBD-RjUL
041 _aben
082 _223
_a297.09
_bHAI 1987
100 1 _aহাসান, সৈয়দ মাহামুদুল
_9233958
245 1 0 _aইসলামের ইতিহাস /
_cসৈয়দ মাহমুদুল হাসান
250 _aসংশোধিত ও পরিবর্ধিত ৬ষ্ঠ সং.
260 _aঢাকা :
_bগ্লোব (প্রা :) লিমিটেড,
_c১৯৮৫ [পুনর্মুদ্রণ ১৯৮৭]
300 _a[১৬] ৬৮২পৃ. :
_bচিত্র ;
_c২৫ সেমি.
500 _a"Replaced books"
650 _aইসলাম
_xইতিহাস
_9123117
650 _aIslam
_xHistory
_9123118
942 _2ddc
_cBK
999 _c76076
_d76076